Security Analysis of Fingerprint Based Authentication System Using Presentation Attack (Record no. 69105)

MARC details
000 -LEADER
fixed length control field 00412nam a22001217a 4500
100 ## - MAIN ENTRY--AUTHOR NAME
Personal name Muhammad Saleem
-- 21-MSCS-08
-- Supervisor - Dr. Shahzaman Nizamani
245 ## - TITLE STATEMENT
Title Security Analysis of Fingerprint Based Authentication System Using Presentation Attack
260 ## - PUBLICATION, DISTRIBUTION, ETC. (IMPRINT)
Place of publication Nawabshah
Name of publisher QUEST
Year of publication 2025
300 ## - PHYSICAL DESCRIPTION
Number of Pages 82p.
700 ## - ADDED ENTRY--PERSONAL NAME
Personal name Department of Computer Science
942 ## - ADDED ENTRY ELEMENTS (KOHA)
Koha item type Thesis and Dissertation
Holdings
Withdrawn status Lost status Home library Current library Date acquired Accession Number Koha item type
    Research Section Research Section 29/06/2026 MP/101-1491 Thesis and Dissertation
    Research Section Research Section 29/06/2026 MP/101-1492 Thesis and Dissertation